000
00437nam a2200157Ia 4500
008
100122s9999 xx 000 0 und d
082
_b
63581
_a
821
100
_a
कालिदास
245
_a
मेघदूत
260
_b
पॉप्युलर बुक डेपो
_c
1956
300
_a
68
630
_a
मेघदूत
700
_a
कुसुमाग्रज
730
_a
मेघदूत
942
_c
BOOK
999
_c
437523
_d
437520